000 00743nam a2200289Ia 4500
001 17539
003 IT-RoPAU
008 130308s9999 xx 000 0 und d
040 _aIT-RoPAU
040 _cIT-RoPAU
041 _aITALIANO
100 _aFlores Marcello
100 _gCodice Aut. SPICS: 6579
245 _aAlcune note su Pci e Dc dal 1948 al 1953
245 _bVia Il regime della Forchetta
250 _a1a ed.
260 _aROMA
260 _bSavelli
260 _c1976 [1° Ed.:1976 - Ed.Ling.Originale:1976]
300 _a"4 p. (prefazione: no ; testo: 4)"
650 _aSTORIA NAZIONALE DEL manifesto
650 _eCodice materia Spics: 6309
942 _cBK
957 _71
999 _c49044
_d49044
999 _bSI
999 _g1